| 000 | 01035nmm a2200277 a 4500 | ||
|---|---|---|---|
| 001 | ocm0002015317 | ||
| 003 | TR-IsHL | ||
| 005 | 20201028175204.0 | ||
| 008 | 181017s2017 tu tur | ||
| 007 | cr cn | ||
| 020 | _a9786059521055 | ||
| 035 |
_a2015317 _b(N$T) |
||
| 050 | 0 | 4 |
_aGR300.2.K57 _bK5719 2017 |
| 090 | 0 | 4 |
_aGR300.2.K57 _bK5719 2017 |
| 245 | 1 | 0 |
_aKırgız masalları ve efsaneleri _h[electronic resource] / _cderleyenler Dimitri Brudniy, Kasımbek Eşmambetov ; çevirenler Cengiz Buyar, İlmira Ragibova. |
| 250 | _a1.basım. | ||
| 260 |
_aİstanbul : _bBilge Kültür Sanat, _c2017 |
||
| 300 | _a400 p. | ||
| 500 |
_aÖzgün adı: Kirgizskie narodnye skazki. _xKaynakça var. |
||
| 650 | 4 | _aDil ve Edebiyat | |
| 650 | 4 | _aLanguage and Literature | |
| 650 | 0 |
_aKırgızlar _x Folklor |
|
| 650 | 0 |
_aMasallar _x Kırgızistan |
|
| 650 | 7 |
_aSOCIAL SCIENCE / Folklore & Mythology _2bisacsh |
|
| 856 | 4 | 0 | _uhttp://search.ebscohost.com/login.aspx?direct=true&scope=site&db=e011xww&AN=2015317 |
| 999 |
_c18551 _d18551 |
||